000 01467nam a2200241Ia 4500
003 Ost
005 20260507075726.0
008 260507s9999||||xx |||||||||||||| ||und||
020 _a985160977
040 _cfsecg
041 _aara
082 _a347
100 _aالرفاعي، اشرف عبد العليم
_eمؤلف
245 0 _aالقانون الواجب التطبيق على موضوع التحكيم والنظام العام في العلاقات الخاصة الدولية /
_c اشرف عبد العليم الرفاعي
260 _aالاسكندرية:
_bدار الفكر الجامعي,
_c2003
300 _a977 صفحة؛
_bإيضاحات ؛
_c24 سم
504 _aقائمة المختصرات :ص.364 ؛ بيبليوغرافيا : ص.367
520 _aالنظام العام وقانون العقد السلطة التقديرية للمحكم الدولي في تحديد القانون ؛ الوسائل التي يستخدمها المحكم في البحث عن القانون الواجب التطبيق ، النظام الداخلي لقانون العقد القواعد ذات التطبيق الضروري أو قوانين البوليس ماهية القواعد ذات التطبيق الضروري ، أعمال القواعد ذات التطبيق الضروري أمام المحكم
653 _aالتحكيم
653 _aالتحكيم القضائي
653 _aالقانون
942 _cكتاب
999 _c45976
_d45976